|
|
|
|
| LEADER |
00000cam a22000004a 4500 |
| 001 |
musev2_102613 |
| 003 |
MdBmJHUP |
| 005 |
20230905053734.0 |
| 006 |
m o d |
| 007 |
cr||||||||nn|n |
| 008 |
220828t20222022ncu o 00 0 eng d |
| 020 |
|
|
|a 9781469669564
|
| 020 |
|
|
|z 9781469669557
|
| 020 |
|
|
|z 9781469669533
|
| 020 |
|
|
|z 9781469669540
|
| 035 |
|
|
|a (OCoLC)1342500193
|
| 040 |
|
|
|a MdBmJHUP
|c MdBmJHUP
|
| 100 |
1 |
|
|a Bever, Megan L.
|q (Megan Leigh),
|d 1984-
|e author.
|
| 245 |
1 |
0 |
|a At War with King Alcohol :
|b Debating Drinking and Masculinity in the Civil War /
|c Megan L. Bever.
|
| 264 |
|
1 |
|a Chapel Hill :
|b The University of North Carolina Press,
|c [2022]
|
| 264 |
|
3 |
|a Baltimore, Md. :
|b Project MUSE,
|c 2022
|
| 264 |
|
4 |
|c ©[2022]
|
| 300 |
|
|
|a 1 online resource (260 pages).
|
| 336 |
|
|
|a text
|b txt
|2 rdacontent
|
| 337 |
|
|
|a computer
|b c
|2 rdamedia
|
| 338 |
|
|
|a online resource
|b cr
|2 rdacarrier
|
| 490 |
0 |
|
|a Civil War America
|
| 505 |
0 |
|
|a A revival of the temperance cause? -- Supplying the spirit ration in the Union and Confederate armies -- The drinking practices of officers and enlisted men -- Mishaps, morality, masculinity, and military discipline -- Military regulations and civilian sellers -- Controlling the traffic in the Union and Confederate states -- Drinking, duty, and disloyalty.
|
| 588 |
|
|
|a Description based on print version record.
|
| 610 |
1 |
7 |
|a United States.
|b Army.
|2 fast
|0 (OCoLC)fst00533532
|
| 610 |
1 |
0 |
|a United States.
|b Army
|x Military life
|x History
|y 19th century.
|
| 650 |
|
7 |
|a Soldiers
|x Alcohol use.
|2 fast
|0 (OCoLC)fst01125235
|
| 650 |
|
7 |
|a Social aspects.
|2 fast
|0 (OCoLC)fst01354981
|
| 650 |
|
7 |
|a Masculinity.
|2 fast
|0 (OCoLC)fst01011027
|
| 650 |
|
7 |
|a Drinking of alcoholic beverages.
|2 fast
|0 (OCoLC)fst00898212
|
| 650 |
|
7 |
|a Drinking behavior.
|2 fast
|0 (OCoLC)fst00898189
|
| 650 |
|
7 |
|a Armed Forces
|x Military life.
|2 fast
|0 (OCoLC)fst01351813
|
| 650 |
|
0 |
|a Drinking of alcoholic beverages
|z United States
|x History
|y 19th century.
|
| 650 |
|
0 |
|a Drinking behavior
|z United States
|x History
|y 19th century.
|
| 650 |
|
0 |
|a Masculinity
|z United States
|x History
|y 19th century.
|
| 650 |
|
0 |
|a Soldiers
|x Alcohol use
|z United States
|x History
|y 19th century.
|
| 651 |
|
7 |
|a United States.
|2 fast
|0 (OCoLC)fst01204155
|
| 651 |
|
0 |
|a United States
|x History
|y Civil War, 1861-1865
|x Social aspects.
|
| 655 |
|
7 |
|a History.
|2 fast
|0 (OCoLC)fst01411628
|
| 655 |
|
7 |
|a Electronic books.
|2 local
|
| 710 |
2 |
|
|a Project Muse.
|e distributor
|
| 830 |
|
0 |
|a Book collections on Project MUSE.
|
| 856 |
4 |
0 |
|z Texto completo
|u https://projectmuse.uam.elogim.com/book/102613/
|
| 945 |
|
|
|a Project MUSE - Custom Collection
|
| 945 |
|
|
|a Project MUSE - 2022 Gender Studies
|
| 945 |
|
|
|a Project MUSE - 2022 Complete
|